Guess the Fusion Rock Song Lyrics #146 - Statistics

General Stats
  • This quiz has been taken 11 times
  • The average score is 131 of 238
Answer Stats
Answer % Correct
a
100%
I
100%
The
100%
do
90%
in
90%
is
90%
me
90%
No
90%
we
90%
you
90%
all
80%
And
80%
I'm
80%
love
80%
my
80%
of
80%
so
80%
can
70%
has
70%
just
70%
time
70%
will
70%
with
70%
your
70%
you're
70%
cause
60%
Cause
60%
day
60%
life
60%
one
60%
out
60%
than
60%
that
60%
easy
50%
else
50%
every
50%
feel
50%
live
50%
Lovin
50%
lovin
50%
made
50%
make
50%
Makin
50%
more
50%
ooh
50%
wanna
50%
while
50%
beautiful
40%
come
40%
dream
40%
each
40%
everything
40%
filled
40%
Minnie Riperton
40%
see
40%
true
40%
bring
30%
Doo
30%
doo
30%
grow
30%
La
30%
la
30%
old
30%
spring
30%
Stay
30%
through
30%
colors
20%
Maya
20%
shinin
20%
Dee
10%
dee
10%
soul
10%
No matching quizzes found
Score Distribution
Percent of People with Each Score
Percentile by Number Answered
Your Score History
You have not taken this quiz